00585nam a2200217 a 450000100060000000300080000600500170001400800410003102000110007203500190008304000350010204100080013708200290014510000150017424500540018926000420024330000250028550000180031065000210032870000180034952830BD-RjUL20211209075851.0160808m19721967pk |||| b||| 001 0 eng d cTk. 25 a(BD-RjUL)52950 aBD-RjULbengcBD-RjULdBD-RjUL aeng04223a346.030954bANL 19521 aAnand R.L.24aThe Law of Torts /cby Anand R.L. and L.S. Sastri aAllahabad :bLaw Book Company, c1952 alxv, 909 p. ;c23cm. aInclude index07a Torts --zIndia aSastri, L.S.